00550nam a22001817a 450000500170000001000130001702000150003003500130004503700130005808200130007110000210008424500500010526000240015530000210017994200270020099900190022795201220024620180911164126.0 aB-119634 a8178292424 aB-119634 bB-119634 a658.4013 aSarkar, Debashis aQuality in business:b76 mantras for managers aNew DelhibB-119634 a180p.c21cm(pbk) 2ddccENh658.4013mSAR c157372d157372 001040708NFICaZLSbZLSd2018-09-11l2m3o658.4013 SARpB-119634r2022-02-28 00:00:00s2022-02-02w2018-09-11yEN